书目信息 |
| 题名: |
房龙讲述历史的故事
|
|
| 作者: | 房龙 著 ;黄勇 编译 | |
| 分册: | ||
| 出版信息: | 北京 中国广播电视出版社 2005 |
|
| 页数: | 269页 | |
| 开本: | 23cm | |
| 丛书名: | 房龙作品阅读系列 | |
| 单 册: | ||
| 中图分类: | K1-49 | |
| 科图分类: | ||
| 主题词: | 世界史--通俗读物 , 世界史 , 世界史 | |
| 电子资源: | ||
| ISBN: | 7-5043-4658-6 | |
| 000 | 00979oam2 2200277 450 | |
| 001 | 003029877 | |
| 005 | 20061118170445.53 | |
| 010 | @a7-5043-4658-6@dCNY28.00 | |
| 100 | @a20051103d2005 em y0chiy0110 ea | |
| 101 | 1 | @achi@ceng |
| 102 | @aCN@b110000 | |
| 105 | @aa z 000yy | |
| 200 | 1 | @a房龙讲述历史的故事@9fang long jiang shu li shi de gu shi@f(美)亨德里克·威廉·房龙原著@g黄勇编译 |
| 210 | @a北京@c中国广播电视出版社@d2005 | |
| 215 | @a269页@c图@d23cm | |
| 225 | 2 | @a房龙作品阅读系列 |
| 330 | @a本书将人类发展乃至世界历史如何发展,娓娓道来。包含:人从哪里来、埃及和两河流域、古希腊人、罗马、文艺复兴、法国革命、科学的发展等共二十五章内容。 | |
| 461 | 0 | @12001 @a房龙作品阅读系列 |
| 606 | 0 | @a世界史@j通俗读物 |
| 606 | 0 | @a世界史 |
| 606 | 0 | @a世界史 |
| 690 | @aK1-49@v3 | |
| 701 | 1 | @c(美)@a房龙@9fang long@c(Van Loon, Hendrik Willem@f1882~1944)@4著 |
| 702 | 0 | @a黄勇@9huang yong@c(历史)@4编译 |
| 801 | 0 | @aCN@bNLC@c20061118 |
| 905 | @a10447@dK1-49@e131 | |
| 房龙讲述历史的故事/(美)亨德里克·威廉·房龙原著/黄勇编译.-北京:中国广播电视出版社,2005 |
| 269页:图;23cm.-(房龙作品阅读系列) |
| ISBN 7-5043-4658-6:CNY28.00 |
| 本书将人类发展乃至世界历史如何发展,娓娓道来。包含:人从哪里来、埃及和两河流域、古希腊人、罗马、文艺复兴、法国革命、科学的发展等共二十五章内容。 |
| ● |
| 相关链接 |
|
|
|
|
正题名:房龙讲述历史的故事
索取号:K1-49/131
 
预约/预借
| 序号 | 登录号 | 条形码 | 馆藏地/架位号 | 状态 | 备注 |
| 1 | 0392581 | 203925814 | 第二样本阅览室/ [索取号:K1-49/131] | 在馆 | |
| 2 | 0392582 | 203925823 | 第二借阅区/ [索取号:K1-49/131] | 在馆 | |
| 3 | 0392583 | 203925832 | 第二借阅区/ [索取号:K1-49/131] | 在馆 | |
| 4 | 0392584 | 203925841 | 第二借阅区/ [索取号:K1-49/131] | 在馆 | |
| 5 | 0392585 | 203925850 | 第二借阅区/ [索取号:K1-49/131] | 在馆 |